Meziválečné Čečensko (1996-1999), wahhábismus a příčiny dagestánské invaze

Procesy, ktoré sa odohrali v politickom živote Čečenska v medzivojnovom období (1996-1999). Transformácia čečenského štátu v období jeho faktického nezávislosti. Islamské sebavedomie čečenskej spoločnosti. Čečenský wahhábizmus. Šírenie wahhábizmu v susednom Dagestane. Invázia do Dagestanu a jej dôs...

Description complète

Enregistré dans:
Détails bibliographiques
Auteur principal: Souleimanov, Emil
Format: Chapitre de livre
Langue:tchèque
Sujets:
Tags: Ajouter un tag
Pas de tags, Soyez le premier à ajouter un tag!

MARC

LEADER 00000naa$a2200000$$$4500
001 0043711
005 20231016100246.4
041 0 |a cze 
044 |a CZ 
245 1 0 |a Meziválečné Čečensko (1996-1999), wahhábismus a příčiny dagestánské invaze  |c Emil Souleimanov 
520 |a Procesy, ktoré sa odohrali v politickom živote Čečenska v medzivojnovom období (1996-1999). Transformácia čečenského štátu v období jeho faktického nezávislosti. Islamské sebavedomie čečenskej spoločnosti. Čečenský wahhábizmus. Šírenie wahhábizmu v susednom Dagestane. Invázia do Dagestanu a jej dôsledky. Etnicko-separatistický charakter čečenského konfliktu s výraznými náboženskými prvkami. 
610 2 0 |a náboženstvo 
610 2 0 |a konflikty náboženské 
610 2 0 |a islam 
610 2 0 |a vojny 
610 2 0 |a štát 
610 2 0 |a vláda 
610 2 0 |a prezidenti 
610 2 0 |a obyvateľstvo 
610 2 0 |a politika vnútorná 
610 2 0 |a politika zahraničná 
610 2 0 |a nezávislosť 
610 2 0 |a Čečensko 
610 2 0 |a Dagestan 
100 1 |a Souleimanov, Emil